00420nam a2200181Ia 4500003000900000008004100009040001300050040001300063041000800076100001900084245007200103250001200175260001600187260000900203300001000212300001000222490000600232IT-RoPAU120407s9999 xx 000 0 und d aIT-RoPAU cIT-RoPAU aita aOscar Cullmann aGesù e i rivoluzionari del suo tempo: culto, società, politica. aBrescia aMorcelliana c1971 a78 p. c19 cm v1